| 000 | 00411nam a2200169Ia 4500 | ||
|---|---|---|---|
| 008 | 170705s9999 xx 000 0 und d | ||
| 020 | _a9780152632243 | ||
| 245 | _aPossum magic / | ||
| 245 | _cby Mem Fox ; illustrated by Julie Vivas. | ||
| 260 | _aOrlando : | ||
| 260 | _bHarcourt Inc., | ||
| 260 | _c1990 | ||
| 300 | _aunpaged : | ||
| 300 | _bcolor illustration ; | ||
| 300 | _c25cm. | ||
| 500 | _a530 | ||
| 999 |
_c337239 _d337239 |
||